Η παιδαγωγική μη λεκτική επικοινωνία μεταξύ εκπαιδευτικού και παιδιών στο νηπιαγωγείο : προσεγγίσεις και αγγίγματα νηπίων προς νηπιαγωγούς ; διπλωματική εργασία [πτυχιακή εργασία]
Αποθηκεύτηκε σε:
| Κύριος συγγραφέας: | |
|---|---|
| Συγγραφή απο Οργανισμό/Αρχή: | |
| Άλλοι συγγραφείς: | |
| Μορφή: | Thesis Βιβλίο |
| Γλώσσα: | Greek |
| Δημοσίευση: |
2013.
|
| Θέματα: | |
| Διαθέσιμο Online: | http://hdl.handle.net/11610/7544 |
| Ετικέτες: |
Προσθήκη ετικέτας
Δεν υπάρχουν, Καταχωρήστε ετικέτα πρώτοι!
|
MARC
| LEADER | 00000cam a2200000 i 4500 | ||
|---|---|---|---|
| 001 | 1/37363 | ||
| 008 | 131018s2013 gre d | ||
| 035 | |l 10115819 | ||
| 040 | |a GR-MY-UA |b gre |e aacr | ||
| 041 | 0 | |a gre | |
| 082 | 0 | |a 153.69 |2 (22) | |
| 100 | 1 | |a Τερζοπούλου, Ελένη. | |
| 245 | 1 | 2 | |a Η παιδαγωγική μη λεκτική επικοινωνία μεταξύ εκπαιδευτικού και παιδιών στο νηπιαγωγείο : |b προσεγγίσεις και αγγίγματα νηπίων προς νηπιαγωγούς ; διπλωματική εργασία [πτυχιακή εργασία] / |c Ελένη Τερζοπούλου ; επιβλέπων καθηγητής: Σταμάτης Παναγιώτης. |
| 260 | |c 2013. | ||
| 300 | |a 108 σ.; |c 30 εκ. | ||
| 500 | |a Μέλη εξεταστικής επιτροπής: Κοντάκος Αναστάσιος, Μαρία Καϊλα. | ||
| 502 | # | # | |a Πτυχιακή εργασία – Πανεπιστήμιο Αιγαίου, Ρόδος, 2013. |
| 504 | |a Βιβλιογραφία: σ. 103-108 | ||
| 650 | 0 | 0 | |a Nonverbal communication in education. |
| 650 | 0 | 0 | |a Communication in education. |
| 650 | 0 | 0 | |a Teacher-student relationships. |
| 650 | 0 | 0 | |a Education, Preschool. |
| 650 | 0 | 0 | |a Dissertations, Academic |z Greece. |
| 700 | 1 | |4 ths |a Σταμάτης, Παναγιώτης Ι., |d 1967- |e dgs | |
| 710 | 2 | |a Πανεπιστήμιο Αιγαίου |b Σχολή Ανθρωπιστικών Επιστημών |b Τμήμα Επιστημών της Προσχολικής Αγωγής και του Εκπαιδευτικού Σχεδιασμού. | |
| 852 | |a INST |b RHODES |c DIATR |e 20131018 |h 153.69 ΤΕΡ |p 005400035686 |q 005400035686 |t DIE |y 23 | ||
| 852 | |a INST |b RHODES |c DIATR |e 20131018 |h 153.69 ΤΕΡ |p 005400035687 |q 005400035687 |t DIE |y 23 | ||
| 856 | |u http://hdl.handle.net/11610/7544 | ||
| 901 | |a BIBL4-2013-3 | ||
| 909 | |a Ρ |b 177176 | ||
| 909 | |a Ρ |b 177177 | ||
| 924 | |a Τερζοπούλου |b Ελένη |y Ρόδος |z 2013-06 | ||
| 970 | |z 2013/10/18 | ||